| LEADER |
01079nam0a2200241 450 |
| 001 |
16867814 |
| 010 |
|
|
|a 978-2-07-510618-4
|b cart.
|d 14
|
| 100 |
|
|
|a 20180419d2018 u u0frey01 ba
|
| 101 |
1 |
|
|a fre
|c fre
|
| 102 |
|
|
|a FR
|
| 200 |
0 |
|
|a Girafe blues
|f Jory John
|g illustré par Lane Smith - traduction d'Emmanuel Gros
|
| 207 |
|
1 |
|a
|
| 210 |
|
|
|a Paris
|c Gallimard-Jeunesse
|d 2018
|
| 215 |
|
|
|a 1 vol. (36 p.-1 dépl.)
|c illustrations en couleur
|d 28 x 23 cm
|
| 225 |
1 |
|
|a Albums Gallimard jeunesse
|
| 330 |
|
|
|a Une girafe trouve son cou trop long. Honteuse, elle tente de le cacher tout en enviant les autres animaux. Elle finit par se lier d'amitié avec une tortue complexée par son cou très court. Un album pour apprendre à s'accepter tel que l'on est. Electre 2018
|
| 606 |
0 |
|
|a Estime de soi
|x Albums jeunesse
|
| 700 |
|
0 |
|a John
|b Jory
|4 70
|
| 701 |
|
0 |
|a Smith
|b Lane
|f 1959-....
|4 440
|
| 702 |
|
0 |
|a Gros
|b Emmanuel
|f 1985-....
|4 730
|
| 900 |
|
|
|a Album
|
| 901 |
|
|
|a Jeunesse
|
| 995 |
|
|
|a Médiathèque
|c Médiathèque
|f 00156010481943
|h 00156010481943
|k A JOH
|o p
|q j
|r az
|e Médiathèque
|